Los imaginarios de los jóvenes ante la educación física : (Registro nro. 37783)

Detalles MARC
000 -CABECERA
Longitud fija campo de control 00755nam a2200205 4500
003 - • IDENTIFICADOR DELl NÚMERO DE CONTROL
Identificador del número de control CO-ViMGA
020 ## - • NÚMERO INTERNACIONAL NORMALIZADO PARA LIBROS
Número Internacional Normalizado para Libros (ISBN) 958-8205-71-9
040 ## - FUENTE DE LA CATALOGACIÓN
Centro catalogador de origen CO-ViMGA
Lengua de catalogación spa
Centro transcriptor CO-ViMGA
082 04 - • NÚMERO DE LA CLASIFICACIÓN DECIMAL DEWEY
Número de clasificación (R) 796.07
Número del ítem F67i
100 1# - • PUNTO DE ACCESO PRINCIPAL-NOMBRE DE PERSONA
Nombre de persona Forero Bulla, Clara María
245 10 - • TITULO PROPIAMENTE DICHO
Título Los imaginarios de los jóvenes ante la educación física :
Resto del título la educación física, una oportunidad de encontrarnos con nosotros mismos y con el otro /
Mención de responsabilidad, etc. Clara Maria Forero Bulla ... [et al.]
300 ## - • DESCRIPCIÓN FÍSICA
Extensión 99 p. :
Otras características físicas 24 cm.
490 ## - • MENCIÓN DE SERIE
Mención de serie Investigación
500 ## - • NOTA GENERAL
Nota general Bibliografía: p. 97-99
650 14 - • PUNTO DE ACCESO ADICIONAL DE MATERIA - TÉRMINO DE MATERIA
Término de materia o nombre geográfico como elemento inicial Deportes
650 14 - • PUNTO DE ACCESO ADICIONAL DE MATERIA - TÉRMINO DE MATERIA
Término de materia o nombre geográfico como elemento inicial Educación física
650 14 - • PUNTO DE ACCESO ADICIONAL DE MATERIA - TÉRMINO DE MATERIA
Término de materia o nombre geográfico como elemento inicial Educación psicomotriz
942 ## - ENTRADA DE ELEMENTOS AGREGADOS (KOHA)
Fuente de clasificaión o esquema Dewey Decimal Classification
Koha [por defecto] tipo de item LIbro
Existencias
Perdido Fuente de clasificación o esquema Estado Físico No para préstamo Forma de adquisición Localización permanente Localización actual Fecha adquisición Préstamos totales Signatura completa Código de barras Fecha última consulta Número de copia Fecha del precio de reemplazo Tipo de item de Koha
  Dewey Decimal Classification     Sala General Segundo Piso Biblioteca Pública Germán Arciniegas - Villavicencio Biblioteca Pública Germán Arciniegas - Villavicencio 03/13/2017   796.07 F67i 031493 03/13/2017 Ej. 1 03/13/2017 LIbro









Instituto Departamental de Cultura del Meta - Red Departamental de Bibliotecas Públicas del Meta.